00996nam a22002177a 45000010005000000030006000050050017000110080041000280200018000690400029000870500016001160820015001321000028001472450048001752500061002232600035002843000045003195200335003646500041006996500038007406824FISKH20250529145901.0250529b cb ||||| |||| 00| 0 eng d a9780743262026 aFISKHbengcFISKHdFISKH aE887.C55 A3 a973.929092 aClinton, Hillary Rodham aLiving history /cBy Hillary Rodham Clinton aFirst scribner mass market paperback export edition 2004 aNew York :bScribner , c2003. a846 pages : billustrations ; c18 cm .  a[The author writes] about her upbringing in suburban, middle-class America in the 1950s and her transformation from Goldwater Girl to student activist to controversial First Lady. [This book] is her revealing memoir of life through the White House years. It is also her chronicle of living history with Bill Clinton. -Dust jacket. aClinton, Hillary RodhamvNon-fiction aClinton, Bill, 1946 vNon-fiction